|
|
|
|
| LEADER |
00000nab a2200000 a 4500 |
| 001 |
vtls000510308 |
| 003 |
SK-MaSNL |
| 005 |
20260318124636.0 |
| 008 |
160202c1994 xo 0 hun |
| 015 |
|
|
|a SNBRB19rr/mm-uuuuu
|
| 035 |
|
|
|a CL0510446
|
| 040 |
|
|
|a SNKBUCL
|b slo
|c SNKBUCL
|e AACR2
|
| 041 |
0 |
|
|a hun
|
| 044 |
|
|
|a xo
|c SK
|
| 080 |
|
|
|a 329.14(439)
|2 1981
|
| 100 |
1 |
|
|a Horn, Gyula,
|d 1932-2013
|4 aut
|9 241868
|
| 245 |
1 |
0 |
|a Hová és hogyan?
|b Horn Gyulával a Magyar Szocialista Párt elnökével a választásokról, a közeljövőről és a félmúltról
|c Gyula Horn, József Szilvássy
|
| 300 |
|
|
|b Fotogr. 1
|
| 610 |
2 |
7 |
|a Magyar Szocialista Párt
|2 SNKKA
|9 203056
|
| 655 |
|
7 |
|a články z novín a časopisov
|2 snkbucl
|9 267496
|
| 700 |
1 |
|
|a Szilvássy, József,
|d 1946-
|4 aut
|9 18091
|
| 773 |
0 |
|
|t Vasárnap
|g Roč. 27, č. 8 (1994), s. 3
|
| 850 |
|
|
|a Slovenská národná knižnica v Martine
|a DSG001
|
| 852 |
|
|
|a SNK
|b KIS3GCP
|
| 958 |
|
|
|a RK
|
| 958 |
|
|
|a HU
|
| 992 |
|
|
|a RBX
|
| 999 |
|
|
|c 2229405
|d 2231335
|